The only way is down for capital values (Record no. 83629)

MARC details
000 -LEADER
fixed length control field 00889cab a22001935a 4500
001 - CONTROL NUMBER
control field L154461
008 - FIXED-LENGTH DATA ELEMENTS--GENERAL INFORMATION
fixed length control field 131211e2011 xxk 000 0 eng d
035 ## - SYSTEM CONTROL NUMBER
System control number (Sirsi) u154461
041 0# - LANGUAGE CODE
Language code of text/sound track or separate title eng
100 1# - MAIN ENTRY--PERSONAL NAME
Personal name Ljubic, Philip
245 04 - TITLE STATEMENT
Title The only way is down for capital values
260 ## - PUBLICATION, DISTRIBUTION, ETC.
Date of publication, distribution, etc. 2011
490 #0 - SERIES STATEMENT
Series statement Property Week
Volume/sequential designation 77(47) 25 November 2011, 36(1)
520 ## - SUMMARY, ETC.
Summary, etc. Examines the possible trends in commercial property values over the next 12 to 24 months and considers what current property derivative and REIT pricing implies for future property values. Concludes that capital values will decline in the range of 0% to 5% in 2012 skewed to the lower end of this range. Graph of IPD capital growth by sector (three-month rolling).
590 ## - LOCAL NOTE (RLIN)
Local note KA
651 #4 - SUBJECT ADDED ENTRY--GEOGRAPHIC NAME
Geographic name United Kingdom
Chronological subdivision
690 ## - LOCAL SUBJECT ADDED ENTRY--TOPICAL TERM (OCLC, RLIN)
Topical term or geographic name as entry element PROPERTY-COMMERCIAL PROPERTY-COMMERCIAL PROPERTY FINANCE AND INVESTMENT
942 ## - ADDED ENTRY ELEMENTS (KOHA)
Suppress in OPAC 0
Holdings
Withdrawn status Lost status Source of classification or shelving scheme Damaged status Not for loan Home library Current library Shelving location Date acquired Total Checkouts Full call number Barcode Date last seen Copy number Price effective from Koha item type
    Dewey Decimal Classification     London London Journal article 11/12/2011   L154461 154461-1001 06/08/2019 1 06/08/2019 Journal article